| 000 | 00956cam a22002891i 4500 | ||
|---|---|---|---|
| 001 | 7984368 | ||
| 003 | EG-ScBUE | ||
| 005 | 20260426093012.0 | ||
| 008 | 730115t1965 nyua f 001 0 eng d | ||
| 035 | _a(OCoLC)537669 | ||
| 040 |
_aDLC _beng _erda _cODaWU _dOCoLC _dUk _dDLC _dEG-ScBUE |
||
| 082 | 0 | 4 |
_a538.6 _222 _bSUT |
| 100 | 1 |
_aSutton, George W. _q(George Walter), _d1927- _eauthor. _97026 |
|
| 245 | 1 | 0 |
_aEngineering Magnetohydrodynamics / _cGeorge W. Sutton, Arthur Sherman. |
| 264 | 1 |
_aNew York : _bMcGraw-Hill, _c[1965] |
|
| 264 | 4 | _cc1965 | |
| 300 |
_axix, 548 pages : _billustrations ; _c23 cm |
||
| 336 |
_2rdacontent _atext _btxt |
||
| 337 |
_aunmediated _2rdamedia _bn |
||
| 338 |
_avolume _bnc _2rdacarrier |
||
| 500 | _aIncludes index. | ||
| 650 | 7 |
_aPlasma (Ionized gases) _2BUEsh _97028 |
|
| 650 | 7 |
_aMagnetohydrodynamics. _2BUEsh _97029 |
|
| 655 | _vReading book | ||
| 700 | 1 |
_aSherman, Arthur, _d1931- _ejoint author. _97030 |
|
| 942 |
_2ddc _cBB |
||
| 999 |
_c12058 _d12058 |
||